| 000 | 00916nam a2200241Ia 4500 | ||
|---|---|---|---|
| 999 |
_c39633 _d39633 |
||
| 001 | 6233 | ||
| 003 | GE_BSU | ||
| 005 | 20190621143601.0 | ||
| 008 | 181216s1985||||ge |||||||||||||| ||geo|| | ||
| 040 | _cGE_BSU | ||
| 041 | _ageo | ||
| 080 | _a51(075.8) ზ-55 | ||
| 100 |
_aზერაგია, პ. _92722 |
||
| 245 |
_aუმაღლესი მათემატიკა ტ. II : _bსახელმძღვ. / _cპ. ზერაგია ; რედ. ი. ქარცივაძე |
||
| 250 | _aმესამე შევს. გამოცემა | ||
| 260 | _b. | ||
| 264 |
_aთბილისი : _bუნ-ტის გამ-ბა, _c1985. |
||
| 300 |
_a389 გვ. ; _c22 სმ. |
||
| 504 | _aბიბლიოგრ. : გვ.385. | ||
| 653 | _aუმაღლესი მათემატიკა | ||
| 700 |
_aქარცივაძე, ი. _91599 |
||
| 942 |
_cBK _2udc |
||